Alle 244 Städte der DDR (1949-1990) #2 - Statistiken

Allgemein
  • Dieses Quiz wurde 29 mal gespielt
  • Das Durchschnittsergebnis liegt bei 82 aus 244
Antwortstatistiken
Hinweis Stadt % Korrekt
SA H.l.e - Ne.s.a.t Halle-Neustadt
92%
TH A.t..b..g Altenburg
88%
SA De.s.u Dessau
88%
TH Ge.a Gera
88%
TH Je.a Jena
84%
SA Ma.d.b..g Magdeburg
84%
SA Bu.g Burg
80%
SA Lu.h..s.a.t Wi.t..b..g Lutherstadt Wittenberg
80%
TH We.m.r Weimar
80%
TH Ar.s.a.t Arnstadt
76%
TH B.d Bl..k..b..g Bad Blankenburg
76%
SA Be..b..g (Saale) Bernburg (Saale)
76%
SA Bi.t..f..d Bitterfeld
76%
TH E.s.n..h Eisenach
76%
TH E.f..t Erfurt
76%
TH G.t.a Gotha
76%
SA Ha.b..s.a.t Halberstadt
76%
SA Na..b..g (Saale) Naumburg (Saale)
76%
TH No..h..s.n Nordhausen
76%
SA Qu..l..b..g Quedlinburg
76%
TH Sö.me..a Sömmerda
76%
TH Su.l Suhl
76%
SA We.ß..f..s Weißenfels
76%
SA Z.i.z Zeitz
76%
TH B.d Sa.z..g.n Bad Salzungen
72%
TH G.e.z Greiz
72%
SA Lu.h..s.a.t Ei.l.b.n Lutherstadt Eisleben
72%
SA Me.s.b..g (Saale) Merseburg (Saale)
72%
TH So.d.r.h..s.n Sondershausen
72%
SA We.n.g.r..e Wernigerode
72%
SA Ze.b.t Zerbst
72%
TH B.d La.g..sa..a Bad Langensalza
68%
SA Bl..k..b..g (Harz) Blankenburg (Harz)
68%
TH I.m.n.u Ilmenau
68%
TH Mü..h..s.n Mühlhausen
68%
TH Ne.s.a.t a.d. Orla Neustadt a.d. Orla
68%
TH Sa..f..d (Saale) Saalfeld (Saale)
68%
TH So.n.b..g Sonneberg
68%
TH St.d.ro.a Stadtroda
68%
SA Wo.f.n Wolfen
68%
SA Co.w.g Coswig
64%
TH R.d..s.a.t Rudolstadt
64%
SA Sa..w.d.l Salzwedel
64%
SA Sa.g..h..s.n Sangerhausen
64%
TH Sc.m..k..d.n Schmalkalden
64%
TH Ap.l.a Apolda
60%
TH B.d Kö.tr..z Bad Köstritz
60%
SA As..e..l.b.n Aschersleben
56%
TH Me.n..g.n Meiningen
56%
SA N.b.a Nebra
56%
TH P.a.e Plaue
56%
TH Pö.n..k Pößneck
56%
TH Sc.l..z Schleiz
56%
SA Sc..n.b..k (Elbe) Schönebeck (Elbe)
56%
TH Ze..a - Me.l.s Zella-Mehlis
56%
SA Zö.b.g Zörbig
56%
SA A.n.b..g Annaburg
52%
SA B.d Dü.r..b..g Bad Dürrenberg
52%
SA K.t..n Köthen
52%
SA Os..e..l.b.n (Bode) Oschersleben (Bode)
52%
SA Ro.l.u (Elbe) Roßlau (Elbe)
52%
TH Sc.mö..n Schmölln
52%
TH Wa.t.r.h..s.n Waltershausen
52%
TH We.ß..s.e Weißensee
52%
TH Wo.b.s Worbis
52%
TH Ei.f..d Eisfeld
48%
SA H.l.e (Saale) Halle (Saale)
48%
TH He..b.d H..l.g..s.a.t Heilbad Heiligenstadt
48%
SA He..s.e.t Hettstedt
48%
TH Hi..b.r.h..s.n Hildburghausen
48%
SA Je.s.n (Elster) Jessen (Elster)
48%
TH Le.n.fe..e Leinefelde
48%
SA Ma..f..d Mansfeld
48%
TH Ne.h..s am Re..w.g Neuhaus am Rennweg
48%
TH Ob..h.f Oberhof
48%
SA St..d.l Stendal
48%
TH B.d Li.b..s.e.n Bad Liebenstein
44%
TH Bl..k..h..n Blankenhain
44%
SA Fr..b..g (Unstrut) Freyburg (Unstrut)
44%
SA H.v..b..g Havelberg
44%
SA J.r.c..w Jerichow
44%
TH Sa..b..g Saalburg
44%
SA Ta.g..mü..e Tangermünde
44%
SA T.a.e Thale
44%
TH Ze.l..ro.a Zeulenroda
44%
SA B.d K.s.n Bad Kösen
40%
SA C.l.e (Saale) Calbe (Saale)
40%
TH E.s..b..g Eisenberg
40%
SA Ga.d.l.g.n Gardelegen
40%
SA I.s..b..g (Harz) Ilsenburg (Harz)
40%
SA K.l.e (Milde) Kalbe (Milde)
40%
SA Mö.k..n Möckern
40%
SA Ni..b..g (Saale) Nienburg (Saale)
40%
TH Ro.n.b..g Ronneburg
40%
SA Ta.g..h.t.e Tangerhütte
40%
SA Wo.m..s.e.t Wolmirstedt
40%
SA Ak.n (Elbe) Aken (Elbe)
36%
TH B.d B.r.a Bad Berka
36%
TH B.d S.l.a Bad Sulza
36%
TH Fr..d.i..ro.a Friedrichroda
36%
SA Ha.d.n.l.b.n Haldensleben
36%
SA Ha..g.r..e Harzgerode
36%
TH K.h.a Kahla
36%
SA Ke.b.a (Ky..h..s.r) Kelbra (Kyffhäuser)
36%
TH Me.s..w..z Meuselwitz
36%
TH St.d.i.m Stadtilm
36%
SA B.d B.b.a Bad Bibra
32%
SA Bi.m..k (Altmark) Bismark (Altmark)
32%
TH Bl..c..ro.e Bleicherode
32%
SA Go.m..n Gommern
32%
SA H.h..m..s.n Hohenmölsen
32%
SA La.d.b..g Landsberg
32%
TH La.g..sa..a Langensalza
32%
SA La.c.a a.d. Unstrut Laucha a.d. Unstrut
32%
SA Li.d.u Lindau
32%
SA St..f..t Staßfurt
32%
SA We.t.n Wettin
32%
SA B.d Sc.m..d.b..g Bad Schmiedeberg
28%
SA Ge.t..n Genthin
28%
TH Kö.l..a Kölleda
28%
TH R.h.a Ruhla
28%
TH Tr.f.r.t Treffurt
28%
TH W.i.a Weida
28%
SA We.b.n Werben
28%
TH Au.a Auma
24%
SA B.r.y (Elbe) Barby (Elbe)
24%
TH B.r.a (Elster) Berga (Elster)
24%
TH Ca.b..g Camburg
24%
TH Do..b..g (Saale) Dornburg (Saale)
24%
SA E.e.n Egeln
24%
TH Gö.n..z Gößnitz
24%
SA Je.n..z Jeßnitz
24%
SA L.b.j.n Löbejün
24%
TH Ma.da.a Magdala
24%
TH Ne.m..k Neumark
24%
TH O.l.mü..e Orlamünde
24%
SA O.t..w.e.k Osterwieck
24%
SA Se.h..s.n Seehausen
24%
SA Se.h..s.n (Altmark) Seehausen (Altmark)
24%
SA St..b..g (Harz) Stolberg (Harz)
24%
SA Wö.l..z Wörlitz
24%
SA Z.h.a Zahna
24%
SA Al.l.b.n (Saale) Alsleben (Saale)
20%
SA B.d La.c.s.ä.t Bad Lauchstädt
20%
SA Ba.l..s.e.t Ballenstedt
20%
TH El.r..h Ellrich
20%
SA Ge..ro.e Gernrode
20%
SA Kl.t.e Klötze
20%
SA Kö.n..n Könnern
20%
SA M.ch..n (Ge.s..t.l) Mücheln (Geiseltal)
20%
SA Or..i..b..g Oranienburg
20%
SA O.t..b..g (Altmark) Osterburg (Altmark)
20%
SA O.t..f..d Osterfeld
20%
TH St..n..h Steinach
20%
SA Te.c.e.n Teuchern
20%
TH Tr..b.s Triebes
20%
TH W.s..g.n Wasungen
20%
TH Ar.e.n (Unstrut) Artern (Unstrut)
16%
TH B.d Te..s.e.t Bad Tennstedt
16%
SA Be.n..k..s.e.n (Harz) Benneckenstein (Harz)
16%
TH B.r.a (Werra) Berka (Werra)
16%
TH Bü.g.l Bürgel
16%
TH Di.g..s.ä.t Dingelstädt
16%
TH Eb.l.b.n Ebeleben
16%
TH Gr.f..t..l Gräfenthal
16%
TH Gr..ß.n Greußen
16%
TH H.r..g.n (Helme) Heringen (Helme)
16%
TH He.m.d..f Hermsdorf
16%
TH Kr.n.c.f..d Kranichfeld
16%
TH L.b..s.e.n (Moorbad) Lobenstein (Moorbad)
16%
TH L.c.a Lucka
16%
SA R.d.g..t Radegast
16%
SA Sa.d.u (Elbe) Sandau (Elbe)
16%
SA Sa.d.r.l.b.n Sandersleben
16%
TH Sc.l..s..g.n Schleusingen
16%
TH St.e.b..h - Ha.l..b..g Steinbach-Hallenberg
16%
TH Ta.b..h - Di..h..z Tambach-Dietharz
16%
TH Th.m.r Themar
16%
TH Tr..t.s Triptis
16%
TH V.c.a Vacha
16%
SA Wa..l.b.n Wanzleben
16%
SA A.m..d..f Ammendorf
12%
TH Cl..g.n Clingen
12%
SA E.b..g.r..e (Harz) Elbingerode (Harz)
12%
TH G.b.s.e Gebesee
12%
TH Gr..b.e.t..b..h Großbreitenbach
12%
SA Ke.b..g Kemberg
12%
TH La.g..b..g Langenberg
12%
TH La.g.w..s.n Langewiesen
12%
TH La.s..a Lauscha
12%
SA L.b..g Loburg
12%
SA O.b..fe..e Oebisfelde
12%
TH Sc.a.k.u Schalkau
12%
SA Al.s.e.t Allstedt
8%
SA A.n.b..g Arneburg
8%
TH Br.t..ro.e (Kurort) Brotterode (Kurort)
8%
TH Cr.u.b..g Creuzburg
8%
SA Ec.a.t.be..a Eckartsberga
8%
SA Gü.t.n Güsten
8%
SA Ha.s..fe..e (Harz) Hasselfelde (Harz)
8%
TH He.d.u.g.n Heldrungen
8%
TH Ka.t..n.r.h..m Kaltennordheim
8%
TH K.n..s.e Königsee
8%
SA Kr.p.e.s.e.t Kroppenstedt
8%
TH Mü.c.e.b.r..d..f Münchenbernsdorf
8%
SA R.g..n Raghun
8%
SA Sc.w.n.b..k Schwanebeck
8%
SA W.g.l.b.n Wegeleben
8%
TH Zi.g..r..k Ziegenrück
8%
SA Da.d..h..m Dardesheim
4%
SA D.r..b..g Derenburg
4%
SA Er..l.b.n Ermsleben
4%
TH G.f..l Gefell
4%
SA Gr..z.g Gröbzig
4%
SA Gr.n..g.n Gröningen
4%
SA Gü.t.r.b.r.e Güntersberge
4%
SA Ha.m.r.l.b.n Hadmersleben
4%
SA He.k.i.g.n Hecklingen
4%
TH He..b..g Heldburg
4%
TH Hi.s..b..g Hirschberg
4%
TH H.h..l..b.n Hohenleuben
4%
SA Ho.m Hoym
4%
TH Ki.d..b.ü.k Kindelbrück
4%
TH L.h..t.n Lehesten
4%
TH Ob..w...b..h (Thür. Wald) Oberweißbach (Thür. Wald)
4%
SA Pr.t..n Prettin
4%
TH Ra.t..b..g Rastenberg
4%
TH Rö.h..d Römhild
4%
SA Sc...s...t Schafstädt
4%
TH Sc.k.l.n Schkölen
4%
TH St.d.l.n..f..d Stadtlengsfeld
4%
SA St.ß.n Stößen
4%
TH Wu..b..h Wurzbach
4%
TH Bu.t..s.e.t Buttelstedt
0%
SA Co..st..t Cochstedt
0%
TH Ge.r.n Gehren
0%
SA Ge..s.e.t Gerbstedt
0%
SA Gr..a..l.b.n Großalsleben
0%
TH Gr.ß..e.r..h Großenehrich
0%
SA Le..b..h Leimbach
0%
TH Le.t..b..g Leutenberg
0%
SA Pr..z..h (Elbe) Pretzsch (Elbe)
0%
TH Sc.l..h..m Schlotheim
0%
TH U.m..s.a.t Ummerstadt
0%
Keine übereinstimmenden Quizze gefunden
Verteilung der Resultate
Anzahl Personen mit jedem Resultat
Perzentil nach korrekt beantworteten Fragen
Ihre Resultats-Entwicklung
Sie haben dieses Quiz noch nicht gespielt